Statistiques concernant Langue française: le jeu des anagrammes #3

Cliquez ici pour prendre le quiz!

Statistiques générales

  • Ce quiz a été pris 426 fois
  • Le résultat moyen est 17 sur 20

Statistiques - réponses

InstructionDéfinitionRéponse% Correct
C L O H U EUstensile de cuisineLouche
96%
Enlever "E"Il est frappé par le marteauClou
95%
Enlever "H"Comme une pierre dans l'eauCoule
92%
Enlever "T"Pas cuitCru
89%
Ajouter "C"Pas longCourt
88%
Enlever "S"Où la voiture circuleRoute
88%
Ajouter "E"Les bagages y sont dans l'avionSoute
88%
Ajouter "S"Le glucose en est unSucre
88%
Enlever "T"Son battement est vitalCœur
86%
Enlever "C"Adjectif indéfini, incluant beaucoup de mondeTous
86%
Enlever "O"Habitant d'IstanbulTurc
86%
Ajouter "O"Compétition de vitesseCourse
85%
Ajouter "E"Augmentation de débit d'un fleuveCrue
85%
Ajouter "S"Jeune "éclaireur" habitué des randonnées en groupeScout
84%
Enlever "E"Dans le coin à côté du CavalierTour
84%
Enlever "L"PrixCoût
83%
Ajouter "T"Celle terrestre est très épaisseCroute
81%
Enlever "S"Une vis peut y entrerÉcrou
67%
Ajouter "T"Partie inférieure de certains objetsCulot
62%
Ajouter "R"IndignésOutrés
49%

Distribution des résultats

Percentile par nombre de réponses

% des personnes avec chaque résultat

Votre développement - résultats

Vous n’avez pas pris ce quiz